| 000 | 00738nam a2200217Ia 4500 | ||
|---|---|---|---|
| 001 | 8509 | ||
| 003 | GE_BSU | ||
| 008 | 181216s||||||||xx |||||||||||||| ||und|| | ||
| 040 | _cGE_BSU | ||
| 080 | _a821.353.1-1+821.353.1-11 | ||
| 100 | _aვაკელი,იონა | ||
| 245 | _aთხზულებანი. ორ ტომად. ტ.1 ლექსები,პოემები | ||
| 245 | _cრედ. მ.ქოიავა. მხატვ. ლ.ღლონტი | ||
| 260 | _aთბილისი | ||
| 260 | _bმერანი | ||
| 260 | _c1975 | ||
| 300 | _a459გვ.1ფ. პორტრ. | ||
| 653 | _aთხზულებანი | ||
| 653 | _aლექსები,პოემები | ||
| 942 | _cBK | ||
| 999 |
_c41826 _d41826 |
||